[Event "Superbet Chess Classic"]
[Site "chess24.com"]
[Date "2023.05.14"]
[Round "8.3"]
[White "Duda, Jan Krzysztof"]
[Black "Firouzja, Alireza"]
[Result "1-0"]
[WhiteElo "2724"]
[BlackElo "2785"]
[EventDate "2023.??.??"]
[Annotator "Bojkov,Dejan"]
[PlyCount "95"]
[Beauty "7147094022663"]
[EventType "team-tourn"]
[WhiteTeam "Poland"]
[BlackTeam "France"]
[WhiteTeamCountry "POL"]
[BlackTeamCountry "FRA"]

1.d4 d5 2.c4 c6 3.Nc3 Nf6 4.cxd5 cxd5 5.Bf4 Nc6 6.e3 Bf5 7.Nf3 e6 8.Qb3 Bb4 9.Bb5 {After the game, Duda revealed that he was not feeling quite well prior to the game and did not object the draw. This might have been the reason for his opening choice, a calm Exchanged Slav.} 9...O-O 10.Bxc6 {Kramnik and Anand discussed this line at their WCC match in Bonn.} 10...Bxc3+ 11.Qxc3 Ne4 {An ambitious move, which was played after a prolonged thought. Firouzja was clearly in a fighting mode.} ( {Many strong players, including Anand, choose to defend instead with:} 11...Rc8 12.Ne5 Ng4 $1 {[%c_effect g4;square;g4;type;GreatFind;persistent;true] The point: Black does not want to have a backward pawn, but chooses to sacrifice it instead for activity.} 13.Nxg4 Bxg4 14.Qb4 Rxc6 15.Qxb7 Qc8 16.Qxc8 Rfxc8 17.O-O a5 {with compensation for the pawn thanks to the active rooks. The opposite-colored bishops also point toward the draw being the most likely result as in the recent game, Bok,B (2616)-Bacrot,E (2648) Chess.com INT 2022} ) ( {Instead, what White is hoping for is} 11...bxc6 12.O-O {which is favorable for White, as the black pawn structure has been compromised.} ) 12.Qa3 bxc6 13.Rc1 {Now White has everything that he wants from the pawn structure. Both c6- and a7-pawns are weak and long-term targets. Black needs to find something concrete, right now.} 13...g5 {And what can be more concrete than this $2} 14.Bg3 {Duda is also taking his time.[#]} ( {He might have been tempted at the beginning by the idea} 14.Nxg5 $5 {[%c_effect g5;square;g5;type;Interesting;persistent;true]} 14...Nxg5 15.h4 Ne4 16.f3 {in order to regain the piece with} 16...Nf6 ( {However} 16...h5 {seems solid enough for Black here.} ) 17.g4 Bg6 18.h5 ) 14...Rc8 $146 {A novelty and a bad sign for Black. Passive defense is the last thing he needs.} ( {The predecessor saw:} 14...h5 15.h4 ( {However, the immediate} 15.Nd2 $5 {[%c_effect d2;square;d2;type;Interesting;persistent;true] looks better for White as well.} ) 15...g4 16.Nd2 Nxg3 17.fxg3 Qc7 18.Kf2 e5 {which is more in the spirit of the position, Simon,H (2140)-Boehnke,M (2163) Germany 2018} ) 15.Nd2 $1 {[%c_effect d2;square;d2;type;GreatFind;persistent;true] A strong move that sucks the energy away from the black pieces while further weakening the dark squares.} 15...Nxg3 ( {In case of} 15...Nxd2 16.Kxd2 f6 17.Rc5 {the white king is perfectly safe, whereas the same cannot be stated about the black queenside pawns.} ) 16.hxg3 Kg7 17.Rc5 {That's the problem. There are too many convenient outposts on the dark squares.} 17...Rh8 {The only way to get some play is to advance the h-pawn and open some files for a kingside activity.} 18.Ra5 Rc7 {A rook on the seventh rank is the last thing Firouzja wants to see; therefore, he swaps it before it becomes too dangerous.} ( {If} 18...h5 19.Rxa7 h4 20.gxh4 gxh4 21.Nf3 {and it is White who attacks first after Nf3-e5 $1} ) 19.Rxa7 Rxa7 20.Qxa7 h5 21.b3 ( {Sending the knight towards the center at once might have been even more convincing for White} 21.Nf3 h4 22.Ne5 Bg6 23.gxh4 gxh4 24.Rh3 {with White's edge.} ) 21...h4 ( {For now, Black could deprive the knight of a central outpost with} 21...g4 $5 {[%c_effect g4;square;g4;type;Interesting;persistent;true] Then} 22.Ke2 h4 23.Rxh4 Rxh4 24.gxh4 Qxh4 25.Qb8 Qh1 {leads to definite counterplay for Black.} ) 22.gxh4 gxh4 23.Nf3 {Now Duda is in control, although the many open spaces always provide chances for a counterplay to the opponent.} 23...Bg6 24.Rh3 ( {Both} 24.a4 $5 {[%c_effect a4;square;a4;type;Interesting;persistent;true]} ) ( {And} 24.Kf1 $5 {[%c_effect f1;square;f1;type;Interesting;persistent;true] with the idea to meet} 24...Qa8 {with} 25.Qxa8 Rxa8 26.a4 Rb8 27.Nd2 Bc2 28.Ke2 $1 {[%c_effect e2;square;e2;type;GreatFind;persistent;true] seems more accurate for White.} ) 24...Qa8 $1 {[%c_effect a8;square;a8;type;GreatFind;persistent;true] Now Firouzja manages to exploit the relative weakness of the white queenside just in time.} 25.Qxa8 Rxa8 26.a4 Bc2 {In order to defend the c6-pawn.} ( {Instead} 26...Rb8 27.Ne5 Rxb3 28.Rxh4 Ra3 29.Nxc6 Rxa4 {leads Black to a gloomy position. Is this defendable or not $2} ) 27.Rxh4 Bxb3 28.Rg4+ $1 {[%c_effect g4;square;g4;type;GreatFind;persistent;true] A nasty in-between check.} 28...Kf8 29.Rf4 Ra7 {A difficult decision and, objectively, not the best one.} ( {A better chance would be} 29...Ke7 $1 {[%c_effect e7;square;e7;type;GreatFind;persistent;true] with the idea to meet} 30.Ne5 f6 31.Ng4 Rxa4 32.Nxf6 {with} 32...c5 $1 {[%c_effect c5;square;c5;type;GreatFind;persistent;true]} ) ( {But not} 29...Bxa4 30.Ng5 $1 {[%c_effect g5;square;g5;type;GreatFind;persistent;true] when White wins the most important e6-pawn.} ) 30.a5 $1 {[%c_effect a5;square;a5;type;GreatFind;persistent;true]} ( {The inclusion of the moves} 30.Ng5 Kg7 31.a5 Bc4 {does not help White.} ) 30...Ba4 31.a6 ( {Also good is} 31.Ne5 Kg7 32.a6 f6 33.Nd3 Bb5 34.Nc5 e5 35.Rg4+ Kh6 36.dxe5 fxe5 37.f3 {with decent winning chances for the first player.} ) 31...Bb5 32.Ng5 Bxa6 {A sad necessity.} ( {Or else Black is losing on the spot after} 32...Kg7 33.Rxf7+ $1 {[%c_effect f7;square;f7;type;GreatFind;persistent;true]} 33...Rxf7 34.Nxf7 Kxf7 ( 34...Bxa6 35.Nd8 ) 35.a7 ) 33.Nxe6+ Ke7 34.Ng5 f6 ( {The last try is to hold passively with} 34...Kf8 {although this should not be enough after something like} 35.Nf3 ) 35.Nh7 {Winning a second pawn, and the rest should have been easy for White, had not it been the time trouble.} 35...f5 36.Rxf5 Bd3 37.Re5+ Kd6 38.Ng5 Ra2 39.Nh3 Bc4 40.g4 {A slip $1} ( 40.Nf4 $1 {[%c_effect f4;square;f4;type;GreatFind;persistent;true] first would have deprived Black of the sudden chance.} ) 40...Re2+ {The fatal 40th move $1} ( {Firouzja missed the suddenly gifted chance.} 40...c5 $1 {[%c_effect c5;square;c5;type;GreatFind;persistent;true] would put White's win in jeopardy; for example,} 41.f4 Re2+ 42.Kd1 cxd4 43.exd4 Rg2 44.g5 Rg3 45.Nf2 Rg1+ 46.Kd2 Rg2 {and nothing is clear yet $1} ) 41.Kd1 Ra2 42.g5 {Now it is all over for Black.} 42...c5 43.g6 Bb3+ 44.Ke1 Ra1+ 45.Ke2 Ra2+ 46.Kf3 c4 47.Re8 Ra7 48.Rd8+ 1-0

[Event "Cairns Cup 2023"]
[Site "Chess.com"]
[Date "2023.06.12"]
[Round "2"]
[White "Paehtz, Elisabeth"]
[Black "Kosteniuk, Alexandra"]
[Result "0-1"]
[WhiteElo "2477"]
[BlackElo "2523"]
[EventDate "2023.??.??"]
[Annotator "pigle"]
[PlyCount "90"]
[Beauty "7285875149840"]
[EventType "game"]

1.e4 e5 2.Nf3 Nc6 3.Bb5 a6 4.Ba4 Nf6 5.O-O Be7 6.Re1 b5 7.Bb3 O-O 8.a4 Bb7 9.d3 d6 {The game arrives at a very popular position of the Anti-Marshall Variation.} 10.c3 Na5 11.Bc2 {It's not clear whether the bishop stands better on c2, helping the advance d3-d4, or a2, pointing at the kingside.} ( 11.Ba2 {was tried by Caruana, always a good seal of approval.} 11...c5 12.Bg5 {Caruana-Dubov, Tata Steel 2022. The game ended in a draw.} ) 11...c5 12.Nbd2 Re8 13.Nf1 b4 $1 {[%c_effect b4;square;b4;type;GreatFind;persistent;true] This is an accurate move that had been played by Kosteniuk before. White probably should seek an improvement before if she wants to engage in future theoretical duels, as it seems that Black has no problems in this position anymore.} ( 13...Bf8 $6 {[%c_effect f8;square;f8;type;Inaccuracy;persistent;true] is not so good, as the pin is unpleasant after} 14.axb5 axb5 15.Bg5 $1 {[%c_effect g5;square;g5;type;GreatFind;persistent;true]} ) 14.Ng3 ( 14.Ne3 Bf8 15.Nf5 d5 {Black was already better in Smirin-Kosteniuk, Chess.com (rapid) 2022.} ) 14...Bf8 {Now the pin with 15.Bg5 is no longer unpleasant, since Black can just play h6, and the bishop cannot go to h4.} 15.h3 ( 15.d4 exd4 $1 {[%c_effect d4;square;d4;type;GreatFind;persistent;true]} 16.cxd4 cxd4 17.Nxd4 g6 {We will see this same idea later in the game. This is the correct way to fight against White's d3-d4. Black's bishops will be very powerful on b7 and g7. This was played in Abdumalik-Svane, Moscow 2020.} ) 15...Rb8 {The first new move.} ( 15...Rc8 {I actually prefer this one, played in a correspondence game, as it avoids White's plan of d3-d4, since the opening of the c-file is playing into Black's hands.} 16.c4 {Such a move usually comes with tears in the eyes. It's sad for White to abandon central play in order to close the position, praying for a draw.} 16...g6 {Black is already clearly better and went on to win in a correspondence game, something rarer than meeting an arara or macaw (a colorful Brazilian bird) in the center of Sao Paulo. Brandberg-Zatko, ICCF email 2015.} ) 16.cxb4 cxb4 17.d4 $1 {[%c_effect d4;square;d4;type;GreatFind;persistent;true] Paehtz correctly uses her chance to get active play.} 17...exd4 18.Nxd4 g6 19.Bf4 Nd7 20.b3 $1 {[%c_effect b3;square;b3;type;GreatFind;persistent;true] Another good move, restricting the knight on a5.} 20...Rc8 21.Rc1 ( 21.Qd2 {This move is more accurate, as it's not yet clear where the rook should go.} ) 21...Nc6 22.Nxc6 Rxc6 23.Qd2 Qa5 24.Bd3 d5 $6 {[%c_effect d5;square;d5;type;Inaccuracy;persistent;true]} ( 24...Rc3 $1 {[%c_effect c3;square;c3;type;GreatFind;persistent;true] is a better chance to fight for the advantage. Black is fine after} 25.Bc4 Ne5 ) 25.Rxc6 $6 {[%c_effect c6;square;c6;type;Inaccuracy;persistent;true]} ( 25.Rcd1 $1 {[%c_effect d1;square;d1;type;GreatFind;persistent;true] Now it's better to centralize the rook, as Black's pieces are a bit clumsy on the queenside. White has the better chances.} ) 25...Bxc6 26.e5 {A bold decision, since this pawn is not easily protected. But it's not a bad move.} ( 26.exd5 {Probably leads to a draw after some cautious moves by White:} 26...Qxd5 ( {Or} 26...Rxe1+ 27.Qxe1 Qxd5 28.Be4 Qe6 29.Qb1 Nc5 30.Bxc6 Qxc6 31.Be3 $1 {[%c_effect e3;square;e3;type;GreatFind;persistent;true] Followed by capturing the knight.} ) 27.Be4 Qxd2 28.Bxd2 Bxe4 29.Rxe4 Rxe4 30.Nxe4 {A draw is the most likely result.} ) 26...Bg7 27.Rc1 Qb6 28.a5 $1 {[%c_effect a5;square;a5;type;GreatFind;persistent;true]} 28...Qb7 29.Qe2 $1 {[%c_effect e2;square;e2;type;GreatFind;persistent;true] Paehtz plays some good moves to justify her decision to advance the pawn to e5.} 29...Nxe5 30.Bxa6 Qa8 31.Qf1 $2 {[%c_effect f1;square;f1;type;Mistake;persistent;true] After this mistake White's position goes downhill.} ( 31.Bb5 $1 {[%c_effect b5;square;b5;type;GreatFind;persistent;true] is the right way to play. White has an active position after} 31...Nf3+ 32.Qxf3 Bxb5 33.Rc7 ) 31...Re6 $1 {[%c_effect e6;square;e6;type;GreatFind;persistent;true] The rook is well placed on e6, keeping an eye on the a6-bishop.} 32.Bxe5 ( 32.Bd2 {is recommended as the best move by the computer. This indicates how difficult White's position has become.} ) 32...Bxe5 33.Bb5 Bb7 $1 {[%c_effect b7;square;b7;type;GreatFind;persistent;true] Preserving the powerful bishop. The a5-pawn is doomed.} 34.Bd7 Re7 35.Ba4 Qa7 {An interesting decision. Kosteniuk has the a5-pawn in the pocket, so she decides to create some attacking chances before deciding to capture it.} ( 35...Qxa5 {is also good. The position after} 36.Qb5 {is a technical win for Black.} ) 36.Qd3 Bd4 37.Rc2 ( 37.Qd2 {is better.} ) 37...Re6 ( 37...Re1+ 38.Nf1 Qa6 $1 {[%c_effect a6;square;a6;type;GreatFind;persistent;true] This is a very difficult way to win.} ( 38...Ba6 $2 {[%c_effect a6;square;a6;type;Mistake;persistent;true]} 39.Bb5 ) 39.Bb5 ( 39.Qxd4 Qxf1+ 40.Kh2 Qg1+ 41.Kg3 Re4 $1 {[%c_effect e4;square;e4;type;GreatFind;persistent;true]} 42.Qf6 h5 $1 {[%c_effect h5;square;h5;type;GreatFind;persistent;true] Surprisingly, the attack is winning.} ) 39...Qxa5 {Winning a pawn while keeping the initiative.} ) 38.Nf1 Bc3 $1 {[%c_effect c3;square;c3;type;GreatFind;persistent;true] Preparing the advance of the d-pawn.} 39.Ne3 $2 {[%c_effect e3;square;e3;type;Mistake;persistent;true]} ( 39.Re2 {is more stubborn.} ) 39...d4 {White loses material.} 40.Ng4 ( 40.Nc4 Be4 $1 {[%c_effect e4;square;e4;type;GreatFind;persistent;true]} ) 40...h5 ( 40...Re1+ {wins easily too:} 41.Kh2 Qb8+ 42.Qg3 ( 42.g3 Rh1# ) 42...Qxg3+ 43.Kxg3 d3 {The pawn decides the game.} ) 41.Re2 Ba6 {Probably the simplest way to win.} ( 41...Rxe2 42.Qxe2 hxg4 43.Qe8+ Kg7 44.Qe5+ Kh7 {is also good enough.} ) 42.Nh6+ ( 42.Bb5 Bxb5 43.Qxb5 Rxe2 44.Nf6+ Kg7 {White's knight is lost.} ) 42...Kg7 43.Nf5+ gxf5 44.Qg3+ Rg6 45.Qe5+ Kh7 0-1

[Event "Champions Chess Tour Aimchess Rapid 2023"]
[Site "Chess.com"]
[Date "2023.06.12"]
[Round "2"]
[White "Carlsen, Magnus"]
[Black "Fressinet, L."]
[Result "0-1"]
[WhiteElo "2853"]
[BlackElo "2632"]
[EventDate "2023.??.??"]
[Annotator "rafael"]
[PlyCount "92"]
[Beauty "7217847739435"]
[EventType "rapid"]

{[%evp 0,92,29,29,15,15,15,18,12,11,49,51,46,21,34,-12,2,-11,-6,-9,3,3,31,32,30,-8,-10,-10,-10,-10,-10,-10,-15,-5,0,0,-8,-20,-7,-18,-58,-70,-47,-76,-101,-64,-66,-83,-89,-300,-307,-307,-307,-640,-618,-648,-651,-651,-660,-761,-784,-827,-784,-791,-791,-791,-363,-374,-405,-400,-342,-401,-379,-413,-417,-413,-418,-463,-474,-520,-490,-484,-479,-506,-517,-545,-518,-602,-574,-645,-675,-634,-613,-608,-612] It's a well-known fact that Fressinet worked as Carlsen's second during world championship matches. I don't know if their work continues now that the Norwegian has relinquished the crown, but it would be the case to ask the boss for a raise after this beautiful game. Or, perhaps, a good reason to be fired.} 
1.e4 e5 2.Nf3 Nc6 3.Bc4 Bc5 4.O-O d6 5.c3 Nf6 6.d3 ( 6.d4 {The Italian Opening has many subtleties with different move orders. Here White can try to control the center straight away, and many have tried it, although it's not enough to prove an advantage.} 6...Bb6 ) 6...a6 7.Bb3 O-O 8.Re1 Ba7 9.Nbd2 ( 9.h3 {is the most popular move, avoiding what happens in the game. This is basic knowledge for a player that is in the GOAT conversation, so of course he knows all this and much more.} ) 9...Ng4 $5 {[%c_effect g4;square;g4;type;Interesting;persistent;true] The game becomes sharp after this knight thrust.} 10.Re2 Kh8 11.h3 Nh6 ( 11...f5 {is also possible:} 12.exf5 ( 12.hxg4 $2 {[%c_effect g4;square;g4;type;Mistake;persistent;true]} 12...fxg4 {is too dangerous for White: the a7-bishop is a monster that lurks from afar.} ) 12...Nh6 13.g4 $1 {[%c_effect g4;square;g4;type;GreatFind;persistent;true]} 13...Nxf5 14.gxf5 Bxf5 15.Ne4 {The complications continue and I won't pretend that I know what's happening here.} ) 12.Nf1 f5 13.Bg5 $1 {[%c_effect g5;square;g5;type;GreatFind;persistent;true] The most accurate. Carlsen certainly knows all the details of this position. I saw with my own eyes him playing this as Black in Brazil. This happened in 2014, an unforgettable year for us Brazilians, due to this visit of the then world champion and for a sporting event that I prefer not to remember. The memory feats of world champions like Fischer, Kasparov, and Carlsen are well documented—they are said to be able to remember almost every game they've played. Whether it's true or not, I don't know, but based on the quality of the next moves, I believe he remembered this opening well.} ( 13.Bxh6 gxh6 {is more comfortable for Black.} ) ( 13.d4 {is a popular move. Here my computer suggests a new way of handling the position:} 13...f4 $5 {[%c_effect f4;square;f4;type;Interesting;persistent;true]} 14.dxe5 g5 $5 {[%c_effect g5;square;g5;type;Interesting;persistent;true] An original move, with the idea of starting a brutal attack with g5-g4. Nobody dared to play like this: 14...Nxe5 is preferred by human minds.} ( 14...Nxe5 ) ) 13...Qe8 14.Bxh6 ( 14.Qd2 {The aforementioned game featured this move.} 14...fxe4 {14...f4 or 14...Cg8 is more precise.} ( 14...f4 ) ( 14...Ng8 ) 15.dxe4 $6 {[%c_effect e4;square;e4;type;Inaccuracy;persistent;true]} ( 15.Rxe4 {is better.} ) 15...Ng8 {Black had the advantage in Rodriguez Vila-Carlsen, Caxias do Sul (rapid) 2014.} ) 14...gxh6 15.d4 $1 {[%c_effect d4;square;d4;type;GreatFind;persistent;true] It's easy to notice why 12.Bg5 is a clever move: the queen is not comfortable on e8, right in the sight of white's rook.} 15...fxe4 16.Rxe4 Qg6 $6 {[%c_effect g6;square;g6;type;Inaccuracy;persistent;true]} ( 16...Bf5 {is more accurate, with a complicated game.} ) 17.Ng3 Bd7 18.Bc2 $6 {[%c_effect c2;square;c2;type;Inaccuracy;persistent;true] This is a new and not good move. Considering that Carlsen plays the right idea with incorrect timing, I have the firm theory, totally generated by my imagination, that he confused his analysis.} ( 18.Qd3 {was played in Khokhlov-Boles, ICCF 2008, but it's not the best move either. Though this was a correspondence game, computers were not so strong as they are now.} 18...Rae8 $1 {[%c_effect e8;square;e8;type;GreatFind;persistent;true] Black has a good game.} ) ( 18.Qd2 $1 {[%c_effect d2;square;d2;type;GreatFind;persistent;true] is the best move, as here the exchange sacrifice is not so good.} 18...Rxf3 19.gxf3 {White is clearly better. The pawn on d4 is not hanging, contrary to what happens in the game.} ) 18...Qg7 19.Qd2 {White prepares to bring the a1-rook to the game, but this move allows the exchange sacrifice on f3.} ( 19.Rh4 exd4 20.cxd4 Rxf3 21.Qxf3 Nxd4 22.Qc3 Rf8 {leads to big complications. From a practical point of view, the position is easier for Black.} ) 19...Rxf3 {Though objectively this move deserves a dubious mark, I won't dare criticize it as it looks so tempting from a human point of view. If I were playing against a mortal and without looking at the heartless machine's critical assessment, I might even already feel like I'm winning with Black here. Nothing is further from reality.} ( 19...exd4 {is better:} 20.Nxd4 Qg5 {with an equal game.} ) 20.gxf3 exd4 21.Kg2 {A good move.} ( 21.Rg4 {I was surprised by the evaluation of the computer after:} 21...Bxg4 22.hxg4 {The machine claims White is better here, even though he is a pawn down and the king doesn't look very safe. But the reality is that it's easy to protect the weaknesses around the king, while the black monarch is the one who will suffer through the light squares. I think one of the greatest benefits of analyzing with the computer is to try to understand its evaluation when it's very different from what you initially thought.} ) 21...dxc3 22.bxc3 ( 22.Qxc3 {is not so clear after} 22...Bd4 ) 22...Ne5 23.f4 $2 {[%c_effect f4;square;f4;type;Mistake;persistent;true] This move not only squanders the advantage, but it also puts White in a very dangerous position.} ( 23.Rh4 $1 {[%c_effect h4;square;h4;type;GreatFind;persistent;true] is correct. After} 23...Rf8 24.Rf4 $1 {[%c_effect f4;square;f4;type;GreatFind;persistent;true]} 24...Rg8 25.Rg1 {White's king is safe and Black will suffer.} ) 23...Ng6 24.Rae1 $2 {[%c_effect e1;square;e1;type;Mistake;persistent;true] Losing on the spot.} ( 24.Kh2 {is more stubborn, although the position is unpleasant after} 24...Nh4 ) 24...Nh4+ $1 {[%c_effect h4;square;h4;type;GreatFind;persistent;true] Much better than} ( 24...Bc6 25.Kh2 ) 25.Kh1 Nf3 {Knights are tricky pieces.} 26.Qd5 Nxe1 27.Qxb7 Rg8 28.Qxa7 Bc6 ( 28...Nxc2 {Of course this is also winning.} ) 29.Bb1 Qxc3 {Total collapse. It's a rapid game and both players had around two minutes on the clock. Carlsen continues the game, although the result is never in doubt.} 30.Kh2 Nf3+ ( 30...Rxg3 {ends the game quickly:} 31.fxg3 Qd2+ 32.Kg1 Qg2# ) 31.Kg2 Nd2 32.Kh2 Bxe4 33.Bxe4 Nxe4 34.Nxe4 Qc4 35.Qb7 Qf7 36.Ng3 ( 36.Qb2+ Qg7 {The queens are exchanged and the game is over.} ) 36...Qxf4 37.Qb2+ Qe5 38.Qc1 h5 39.h4 Qf6 40.Kg2 Rf8 41.Qe3 Qxh4 42.Qd3 Qf4 43.Qe2 h4 44.Nf1 Rg8+ 45.Kh1 Qg4 46.Qb2+ Qg7 0-1